000 00690nam a22002417a 4500
005 20170124110038.0
010 _aA-778988
020 _c00.00
035 _aA-778988
037 _bCen Lib/Ret
040 _aDPL
_bEN
082 _a346.07
_bASW
100 _aAswathappa, K.
_96759
245 _aLegal environment of business /
_cby K.Aswathappa
250 _a2nd rev ed
260 _aMumbai
_bHimalaya publishing house
_c1996
270 _aDr. Bhalerao marg Girgaon
_bMumbai
_e400004
300 _a276p.
_c21cm(Hb)
500 _aIncludes bibliographical references
650 _aLaw
_9104
650 _aEnvironment law
_923139
942 _2ddc
_cEN
_h346.07
_mASW
999 _c128353
_d128353